| 000 | 00838nam a2200265 a 4500 | ||
|---|---|---|---|
| 001 | BD-DhNSU-30855 | ||
| 003 | BD-DhNSU | ||
| 005 | 20260421122906.0 | ||
| 008 | 251016s2018 bg ||||g vw|| 000 0|eng|d | ||
| 040 |
_aDLC _cBD-DhNSU _dBD-DhNSU |
||
| 041 | _aeng | ||
| 050 | 0 | 0 |
_aKNG19 _b.A2B36 2018 |
| 245 | 0 | 4 |
_aThe Bangladesh law chronicles : _b(a monthly law journal) , _nVol. 23 / _cedited by Nahid Mahtab. |
| 246 | 0 |
_aB.L.C. _bVolume XXIII |
|
| 260 |
_aDhaka : _bBangladesh Law Chronicles, _c2018. |
||
| 300 |
_avp. ; _c25 cm. |
||
| 500 | _aRegd DA- 1722 | ||
| 500 | _aCit. 23 BLC (AD); 23 BLC etc. | ||
| 526 | 0 | _aLaw | |
| 590 | _aSumaiya Kainat Bintey Kohinoor | ||
| 650 | 0 |
_aLaw reports, digests, etc. _zBangladesh. |
|
| 650 | 0 |
_aLaw reports, digests, etc. _zIndia _zBengal. |
|
| 700 | 1 |
_aMahtab, Nahid _eeditor |
|
| 942 |
_2lcc _cBK |
||
| 999 |
_c30855 _d30855 |
||